| 000 | 01072cam a2200241 i 4500 | ||
|---|---|---|---|
| 003 | SA-RiAUC | ||
| 005 | 20260111124742.0 | ||
| 008 | 260108s1989 su g 000 0 ara c | ||
| 040 |
_aSA-JeALM _bara _cSA-RiAUC _erda |
||
| 082 | 0 | 4 | _a240 |
| 090 |
_a240 _bس ج س |
||
| 100 | 1 |
_aالسجستاني، منصور بن إسحاق بن أحمد، _dتوفي 290 هجري _eمؤلف. |
|
| 245 | 1 | 2 |
_aالغنية في الأصول / _cتأليف أبو صالح منصور السجستاني ؛ تحقيق وتعليق محمد صدقي بن أحمد البورنو. |
| 250 | _aالطبعة الأولى. | ||
| 264 | 3 |
_aالرياض : _bمطابع شركة الصفحات الذهبية المحدودة _c1989 |
|
| 300 |
_a248 صفحة ؛ _c24 سم |
||
| 336 |
_aنص _btxt _2rdacontent _3كتاب |
||
| 337 |
_aبدون وسيط _bn _2rdamedia |
||
| 650 | 7 |
_aأصول الفقه الإسلامي _2aucsh |
|
| 700 | 1 |
_aالبورنو، محمد صدقي بن أحمد بن محمد، _d1931- _eمحقق. |
|
| 942 |
_2ddc _cBOOK _n0 |
||
| 949 |
_aSA-JeALM _d260108 _uosman123 _n1 |
||
| 999 |
_c13974 _d13974 |
||